International journal of Middle East studies

Detalles Bibliográficos
Formato: Electrónico Revista
Lenguaje:inglés
Publicado: Cambridge, England ; New York : Cambridge University Press, 1970-
Materias:
Acceso en línea:Full text available from Research Library: 02/01/2001 to 1 year ago

MARC

LEADER 00000nas a2200000 a 4500
001 ssj0009528
003 WaSeSS
005 20200512172242.0
006 m d
007 cr n
008 011205c19709999enkqr pss o 0 a0eng c
010 |a  2001227392 
015 |a GBB404870  |2 bnb 
016 7 |a 022095314  |2 DE-101 
016 7 |a 2053871-6  |2 DE-600 
016 7 |a 012914193  |2 Uk 
022 |a 1471-6380  |l 0020-7438  |y 0020-7438 
035 |a (WaSeSS)ssj0009528 
040 |a EYM  |b eng  |c EYM  |d OCLCQ  |d OCL  |d OCLCQ  |d EXW  |d OCLCQ  |d OCL  |d GUA  |d OCLCQ  |d GBVCP  |d OCLCQ  |d OCLCF  |d ZCU  |d CUD  |d OCLCO  |d OCLCQ  |d DEBBG  |d NLE  |d BUF  |d UKMGB  |d VT2  |d NJT  |d WaSeSS 
042 |a pcc 
043 |a aw----- 
050 1 4 |a DS41 
082 0 4 |a 915.603305 
130 0 |a International journal of Middle East studies (Online) 
210 0 |a Int. j. Middle East stud.  |b (Online) 
222 0 |a International journal of Middle East studies  |b (Online) 
245 1 0 |a International journal of Middle East studies  |h [electronic resource]. 
246 1 |i Also known as:  |a IJMES 
260 |a Cambridge, England ;  |a New York :  |b Cambridge University Press,  |c 1970- 
310 |a Quarterly 
362 0 |a Vol. 1, no. 1 (Jan. 1970)- 
500 |a Title from title screen (viewed Dec. 5, 2001). 
506 |a License restrictions may limit access. 
538 |a Mode of access: World Wide Web. 
588 |a Latest issue consulted: Vol. 33, no. 3 (Aug. 2001). 
651 0 |a Middle East  |v Periodicals. 
651 7 |a Middle East.  |2 fast  |0 (OCoLC)fst01241586 
655 0 |a Electronic journals. 
776 1 |t International journal of Middle East studies  |x 0020-7438  |w (DLC) 79015777  |w (OCoLC)1226911 
856 4 0 |z Full text available from Research Library: 02/01/2001 to 1 year ago  |u https://search.proquest.com/publication/48662